[Event "FSGM October"]
[Site "Budapest HUN"]
[Date "2007.10.10"]
[Round "5"]
[White "Rajlich,I"]
[Black "Bromberger,S"]
[Result "1/2-1/2"]
[WhiteElo "2411"]
[BlackElo "2491"]

1.d4 Nf6 2.c4 g6 3.Nc3 d5 4.cxd5 Nxd5 5.e4 Nxc3 6.bxc3 Bg7 7.Nf3 O-O 8.Be2 c5
9.Rb1 Nc6 10.d5 Bxc3+ 11.Bd2 Bxd2+ 12.Qxd2 Na5 13.h4 Bg4 14.h5 Bxf3 15.gxf3 e5
16.Qc3 Re8 17.Qxc5 b6 18.Qe3 Rc8 19.Ba6 Rc2 20.Rc1 Rxc1+ 21.Qxc1 Re7 22.hxg6 fxg6
23.Bc8 Rc7 24.Be6+ Kh8 25.Qh6 Nb7 26.Rg1 Rg7 27.Qg5 Qxg5 28.Rxg5 Nc5 29.Ke2 Nxe6
30.dxe6 Re7 31.Rxe5 Kg7 32.f4 Kf6 33.Ke3 Rxe6 34.Rd5 Ke7 35.f5 Rd6 36.Rxd6 Kxd6
37.fxg6 hxg6 38.f4 Kc5 39.Kf3 Kd4 40.e5 Kd5 41.Kg4 Ke6 42.Kg5 Kf7 43.e6+ Kxe6
44.Kxg6 Ke7 45.Kf5 b5 46.Ke5 b4 47.Kd5 Kf6 48.Kc5 Kf5 49.Kxb4 Kxf4 50.Ka5 Ke5
51.Ka6 Kd6 52.Kxa7 Kc7  1/2-1/2

[Event "FSGM October"]
[Site "Budapest HUN"]
[Date "2007.10.11"]
[Round "6"]
[White "Bromberger,S"]
[Black "Wittmann,W"]
[Result "1-0"]
[WhiteElo "2491"]
[BlackElo "2304"]

1.d4 Nf6 2.c4 g6 3.Nc3 d5 4.cxd5 Nxd5 5.e4 Nxc3 6.bxc3 Bg7 7.Bc4 O-O 8.Ne2 c5
9.O-O Nc6 10.Be3 Na5 11.Bd3 b6 12.Rb1 cxd4 13.cxd4 e6 14.Qd2 Bb7 15.Rfc1 Qe7
16.Bg5 f6 17.Be3 Rfc8 18.h4 Qd7 19.h5 Rxc1+ 20.Rxc1 Rc8 21.hxg6 hxg6 22.Nf4 Rxc1+
23.Qxc1 e5 24.Nxg6 exd4 25.Bd2 Qe8 26.e5 fxe5 27.Qc7 Ba8 28.Ne7+ Kh8 29.Bxa5 bxa5
30.Ng6+ Kg8 31.Qc4+ Kh7 32.Nxe5+ Kh6 33.Qc1+ Kh5 34.Be2+  1-0

[Event "3rd Arctic Cup"]
[Site "Salekhard RUS"]
[Date "2007.10.11"]
[Round "4"]
[White "Chenchik,A"]
[Black "Shcherbin,M"]
[Result "0-1"]
[WhiteElo "2097"]
[BlackElo "2229"]

1.d4 Nf6 2.c4 g6 3.Nc3 d5 4.cxd5 Nxd5 5.e4 Nxc3 6.bxc3 Bg7 7.Bc4 c5 8.Ne2 O-O
9.O-O cxd4 10.cxd4 Nc6 11.Be3 Bg4 12.f3 Na5 13.Bd5 Bd7 14.Rb1 Rb8 15.Bf4 Rc8
16.Bxb7 Nxb7 17.Rxb7 a6 18.d5 Rc4 19.Qb3 Bb5 20.Rc1 Qa5 21.h3 Rxc1+ 22.Nxc1 Qe1+
23.Kh2 Bd4 24.Ne2 Bxe2 25.Be3 Bd1  0-1

[Event "WJun"]
[Site "Yerevan ARM"]
[Date "2007.10.11"]
[Round "8"]
[White "Nigalidze,G"]
[Black "Priborsky,J"]
[Result "0-1"]
[WhiteElo "2440"]
[BlackElo "2359"]

1.d4 Nf6 2.c4 g6 3.Nc3 d5 4.cxd5 Nxd5 5.e4 Nxc3 6.bxc3 Bg7 7.Ba3 O-O 8.Nf3 b6
9.Bc4 Bb7 10.Qd3 c5 11.d5 a6 12.Bb3 Nd7 13.h4 b5 14.Bc2 b4 15.Bb2 Qa5 16.h5 c4
17.Qe3 bxc3 18.Bc1 Qc5 19.hxg6 fxg6 20.Ng5 Bd4 21.Qh3 Bxf2+ 22.Ke2 Nf6 23.Nxh7 Nh5
24.Qe6+ Kg7 25.Rxh5 Bg3 26.Bh6+ Kh8 27.Be3 Rf2+ 28.Kd1 Rd2+  0-1

[Event "FSIM October"]
[Site "Budapest HUN"]
[Date "2007.10.12"]
[Round "7"]
[White "Toth,E"]
[Black "Vegh,E"]
[Result "1-0"]
[WhiteElo "2348"]
[BlackElo "2303"]

1.d4 Nf6 2.c4 g6 3.Nc3 d5 4.cxd5 Nxd5 5.e4 Nxc3 6.bxc3 Bg7 7.Qa4+ Nd7 8.Nf3 O-O
9.Bg5 c5 10.Rc1 h6 11.Be3 Nf6 12.Bd3 a6 13.O-O e6 14.Qa3 c4 15.Bc2 b5 16.Bf4 Bb7
17.Rfe1 Re8 18.Qb2 Nd7 19.Rcd1 Qa5 20.Qc1 Kh7 21.h4 Qxa2 22.Bd6 Qa5 23.h5 g5
24.e5+ Kg8 25.d5 Bxd5 26.Nxg5 hxg5 27.Qxg5 Qd8 28.Qg3 Kh8 29.Qf4 f5 30.Rxd5 exd5
31.Re3 Nxe5 32.Bxe5 Bxe5 33.Rxe5 Rxe5 34.Qxe5+ Kg8 35.h6 Ra7 36.Bxf5 Re7
37.Be6+ Kh7 38.Qf6 Qe8 39.g4 b4 40.g5 bxc3 41.Bf5+ Kg8 42.g6 Re1+ 43.Kg2  1-0

[Event "FSIM October"]
[Site "Budapest HUN"]
[Date "2007.10.12"]
[Round "7"]
[White "Toth,E"]
[Black "Vegh,E"]
[Result "1-0"]
[WhiteElo "2348"]
[BlackElo "2303"]

1.d4 Nf6 2.c4 g6 3.Nc3 d5 4.cxd5 Nxd5 5.e4 Nxc3 6.bxc3 Bg7 7.Qa4+ Nd7 8.Nf3 O-O
9.Bg5 c5 10.Rc1 h6 11.Be3 Nf6 12.Bd3 a6 13.O-O e6 14.Qa3 c4 15.Bc2 b5 16.Bf4 Bb7
17.Rfe1 Re8 18.Qb2 Nd7 19.Rcd1 Qa5 20.Qc1 Kh7 21.h4 Qxa2 22.Bd6 Qa5 23.h5 g5
24.e5+ Kg8 25.Nxg5 hxg5 26.Qxg5 Qd8 27.Qf4 f5 28.d5  1-0

[Event "IV Open"]
[Site "Calvia ESP"]
[Date "2007.10.16"]
[Round "2"]
[White "Ignacz,R"]
[Black "Russo,C"]
[Result "1-0"]
[WhiteElo "2079"]
[BlackElo "1702"]

1.d4 Nf6 2.c4 g6 3.Nc3 d5 4.cxd5 Nxd5 5.e4 Nxc3 6.bxc3 Bg7 7.Bc4 O-O 8.Ne2 c5
9.Be3 Nc6 10.O-O cxd4 11.cxd4 Bg4 12.f3 Na5 13.Bd3 Be6 14.d5 Bxa1 15.Qxa1 Bc8
16.Bh6 f6 17.Bxf8 Qxf8 18.Nd4 a6 19.Qc3 Qd8 20.f4 Bd7 21.Kh1 Rc8 22.Qe1 b5
23.e5 Qb6 24.Nc2 Nb7 25.Rf3 Nc5 26.e6 Be8 27.Nd4 Nxd3 28.Rxd3 Rc4 29.Ne2 b4
30.Qd1 Qd6 31.Rd4 Bb5 32.Ng3 Rxd4 33.Qxd4 a5 34.h4 Bc6 35.Qf2 Qxd5 36.f5 Qd1+
37.Kh2 Qd6 38.Kh3 Kg7 39.h5 g5 40.h6+ Kxh6 41.Qe2 Be8 42.Ne4 Qf4 43.g4 Bc6
44.Nd2 Qe5 45.Qxe5 fxe5 46.Nc4 Bd5 47.Nxe5 Bxa2 48.f6 exf6 49.e7 fxe5 50.e8=Q Bb1
51.Qxe5 b3 52.Qf6+ Bg6 53.Qf8+  1-0

[Event "IV Open"]
[Site "Calvia ESP"]
[Date "2007.10.16"]
[Round "2"]
[White "Kovalyov,A"]
[Black "Rodriguez Lopez,Ra"]
[Result "0-1"]
[WhiteElo "2510"]
[BlackElo "2281"]

1.c4 Nf6 2.Nc3 d5 3.cxd5 Nxd5 4.d4 g6 5.e4 Nxc3 6.bxc3 Bg7 7.Bg5 c5 8.Rc1 Qa5
9.Qd2 h6 10.Be3 cxd4 11.cxd4 Qxd2+ 12.Kxd2 O-O 13.Nf3 Rd8 14.Bc4 Nc6 15.d5 Na5
16.Bd3 e6 17.dxe6 Bxe6 18.Rc2 Nc4+ 19.Ke2 Nb2 20.Bb5 a6 21.e5 axb5 22.Rxb2 Bc4+
23.Ke1 Rxa2 24.Rxa2 Bxa2 25.Bd2 Bd5 26.Ke2 g5 27.h3 Bxf3+ 28.gxf3 Bxe5 29.h4 f6
30.hxg5 hxg5 31.Rb1 Rd5 32.Rb3 Kf7 33.Ra3 Bd4 34.Ra8 Bxf2 35.Bxg5 Rxg5 36.Kxf2 b4
37.Ra2 b3 38.Rb2 Rb5 39.Ke3 Ke6 40.Kd4 Kd6 41.Kc4 Kc6 42.f4 f5 43.Kd4 Kb6  0-1

[Event "IV Open"]
[Site "Calvia ESP"]
[Date "2007.10.21"]
[Round "7"]
[White "Libiszewski,F"]
[Black "Das,Arg"]
[Result "1-0"]
[WhiteElo "2486"]
[BlackElo "2367"]

1.d4 Nf6 2.c4 g6 3.Nc3 d5 4.cxd5 Nxd5 5.e4 Nxc3 6.bxc3 Bg7 7.Bc4 c5 8.Ne2 O-O
9.O-O cxd4 10.cxd4 Nc6 11.Be3 Na5 12.Bd3 b6 13.Rc1 e6 14.Qd2 Bb7 15.Bh6 Qd7
16.Bxg7 Kxg7 17.Qf4 Rac8 18.h4 Qe7 19.h5 Kg8 20.Ng3 Nc6 21.d5 exd5 22.exd5 Ne5
23.Be4 Qd6 24.Rcd1 f5 25.Bb1 Rc5 26.a3 Rc3 27.Rd4 Bc8 28.a4 Re8 29.hxg6 hxg6
30.Ne2 Rc7 31.Qe3 Ba6 32.Bd3 Bxd3 33.Rxd3 Rc4 34.Nd4 Qf6 35.Rdd1 Rxa4 36.d6 Kg7
37.Qb3 Rxd4 38.Rxd4 Nf3+ 39.Qxf3 Qxd4 40.Rd1 Qc5 41.Qb7+ Kf6 42.d7 Rd8 43.Qxa7 Qc6
44.Qa1+ Kf7 45.Qd4 b5 46.Rd3 Qc1+ 47.Rd1 Qc6 48.Qh4 Qf6 49.Qh7+ Qg7 50.Qh3 Qe5
51.Qb3+ Kg7 52.Qb4 Kg8 53.Re1 Qf6 54.Re8+ Kg7 55.Qxb5 Kh6 56.Qd5 Qg5 57.Rxd8 Qxd8
58.Qc6 Qe7 59.Qc7 Qe1+ 60.Kh2 Qxf2 61.d8=Q  1-0

[Event "ch-Euro Blitz"]
[Site "Ajaccio FRA"]
[Date "2007.10.26"]
[Round "29"]
[White "Van Wely,L"]
[Black "Massoni,M"]
[Result "0-1"]
[WhiteElo "2679"]
[BlackElo "2153"]

1.d4 Nf6 2.c4 g6 3.Nc3 d5 4.cxd5 Nxd5 5.e4 Nxc3 6.bxc3 Bg7 7.Bc4 c5 8.Ne2 Nc6
9.Be3 cxd4 10.cxd4 b5 11.Bd5 Bd7 12.e5 e6 13.Be4 Rc8 14.O-O O-O 15.Qd2 Ne7
16.Bg5 Bc6 17.Ng3 Qd7 18.h4 Bxe4 19.Nxe4 Nf5 20.Rad1 Rc4 21.g4 Rxd4 22.Qe2 Qd5
23.f3 Rxd1 24.Rxd1 Nd4 25.Qe3 Qxe5 26.Bf4 Qxf4 27.Qxf4 Ne2+ 28.Kf2 Nxf4 29.Rd7 Nd5
30.Rxa7 Bd4+  0-1

[Event "6th North Am FIDE Inv"]
[Site "Chicago USA"]
[Date "2007.10.28"]
[Round "2"]
[White "Chow,A"]
[Black "Haessel,D"]
[Result "1/2-1/2"]
[WhiteElo "2214"]
[BlackElo "2152"]

1.d4 Nf6 2.c4 g6 3.Nc3 d5 4.cxd5 Nxd5 5.e4 Nxc3 6.bxc3 Bg7 7.Bc4 c5 8.Ne2 O-O
9.O-O Nc6 10.Be3 Bd7 11.Rb1 Qc7 12.Bf4 Qc8 13.d5 Na5 14.Bd3 e5 15.Be3 f5
16.f3 f4 17.Bf2 b6 18.c4 g5 19.Nc1 h5 20.Nb3 Nb7 21.Nd2 Rf6 22.Kh1 g4 23.Bh4 Rg6
24.g3 Bh6 25.Qc2 fxg3 26.Bxg3 Qe8 27.Rbe1 Nd6 28.f4 Nf7 29.fxe5 Nxe5  1/2-1/2

[Event "ETCC w"]
[Site "Crete GRE"]
[Date "2007.11.06"]
[Round "9"]
[White "Schuurman,P"]
[Black "Gara,A"]
[Result "0-1"]
[WhiteElo "2281"]
[BlackElo "2315"]

1.d4 Nf6 2.c4 g6 3.Nc3 d5 4.cxd5 Nxd5 5.e4 Nxc3 6.bxc3 Bg7 7.Ba3 O-O 8.Nf3 b6
9.Bc4 Bb7 10.Qe2 c5 11.O-O Nc6 12.Rad1 Qc7 13.e5 e6 14.Ng5 Na5 15.Bd3 Rfd8
16.Qg4 Rd7 17.Rfe1 Qc6 18.Qh3 h6 19.Ne4 cxd4 20.cxd4 Rxd4 21.Bb2 Rd5 22.Rc1 Qd7
23.Nf6+ Bxf6 24.exf6 Rh5 25.Qe3 Rd8 26.Bf1 Kh7 27.Qa3 Nc6 28.Rc4 Qd5 29.Rce4 Qd6
30.Qxd6 Rxd6 31.Be2 Rhd5 32.Ba3 Rd8 33.Bc4 Rd1 34.Be7 Nxe7 35.fxe7 Rxe1+
36.Rxe1 Re8 37.Bb5 Rxe7 38.Rc1 Kg7 39.h4 Kf6 40.Rc3 a6 41.Ba4 b5 42.Bb3 Rd7
43.Kh2 Rd2 44.Kg3 a5 45.Rc7 Be4 46.f3 Bb1 47.a4 Rd3 48.Bc2 Bxc2 49.Rxc2 b4
50.Rc5 Rd5 51.Rc7 Rd4 52.Rb7 Ke5 53.f4+ Ke4 54.Rxf7 b3 55.Re7 b2  0-1

[Event "ch-IND w"]
[Site "Pune IND"]
[Date "2007.11.06"]
[Round "1"]
[White "Uthra,P"]
[Black "Padmini,R"]
[Result "0-1"]
[WhiteElo "2055"]
[BlackElo "2226"]

1.d4 Nf6 2.c4 g6 3.Nc3 d5 4.cxd5 Nxd5 5.e4 Nxc3 6.bxc3 Bg7 7.Nf3 c5 8.Bc4 O-O
9.Be3 Nc6 10.h3 Qc7 11.O-O Rd8 12.Rc1 Na5 13.Qe2 b6 14.dxc5 bxc5 15.a4 Bb7
16.Qa2 e6 17.Nd2 Nxc4 18.Qxc4 a5 19.Rfd1 Ba6 20.Qa2 Rab8 21.Qa3 c4 22.Rb1 Rd3
23.Rxb8+ Qxb8 24.Rc1 Qd8 25.Nf3 h6 26.Qa1 Bb7 27.Ne1 Rxe3 28.fxe3 Qd2  0-1

[Event "Open"]
[Site "Villa de Navalmoral ESP"]
[Date "2007.11.09"]
[Round "8"]
[White "Gallardo Retortillo,E"]
[Black "Gofshtein,Z"]
[Result "0-1"]
[WhiteElo "2193"]
[BlackElo "2542"]

1.d4 Nf6 2.c4 g6 3.Nc3 d5 4.cxd5 Nxd5 5.e4 Nxc3 6.bxc3 Bg7 7.Nf3 c5 8.Rb1 O-O
9.Be2 Qa5 10.Qd2 Nd7 11.O-O a6 12.Qc2 b5 13.Bd2 Qc7 14.d5 Nb6 15.c4 b4 16.g3 Qd6
17.Bf4 e5 18.Be3 Bd7 19.Ne1 Na4 20.Nd3 Rac8 21.Bd2 f5 22.f3 a5 23.Nf2 Rf7
24.exf5 gxf5 25.Bd3 Rcf8 26.Kh1 Bh6 27.Rbe1 Bg7 28.Qb1 Nc3 29.Bxc3 bxc3 30.g4 e4
31.fxe4 fxg4 32.e5 Bxe5 33.Ne4 Qh6 34.Qc2 Qh3 35.Rxf7 Rxf7 36.Ng5 Qh4 37.Bxh7+ Kf8
38.Nxf7 Qxe1+ 39.Kg2 Qd2+  0-1

[Event "TCh-HUN 2007-8"]
[Site "Budapest HUN"]
[Date "2007.11.11"]
[Round "2"]
[White "Pinter,J"]
[Black "Antal,Ge"]
[Result "1/2-1/2"]
[WhiteElo "2533"]
[BlackElo "2456"]

1.d4 Nf6 2.c4 g6 3.Nc3 d5 4.cxd5 Nxd5 5.e4 Nxc3 6.bxc3 Bg7 7.Bc4 c5 8.Ne2 O-O
9.Be3 Nc6 10.O-O Bd7 11.Rb1 Qc7 12.Bd3 Rad8 13.Qd2 Bc8 14.Rfc1 Qd6 15.d5 Ne5
16.Bf4 f5 17.c4 b6 18.Bxe5 Bxe5 19.f4 Bxf4 20.Qxf4 Qxf4 21.Nxf4 fxe4 22.Nxg6 hxg6
23.Bxe4 e6 24.Re1 Kg7 25.Rb3 exd5 26.Bxd5 Rfe8 27.Rxe8 Rxe8 28.Kf2 Be6 29.Re3 Rf8+
30.Rf3 Re8 31.Bxe6 Rxe6 32.g3 Re4 33.Rf4 Re7 34.h4 a6 35.a4 b5 36.cxb5 axb5
37.axb5 Rb7 38.g4 Rxb5 39.h5 gxh5  1/2-1/2

[Event "Cup Russia"]
[Site "Serpukhov RUS"]
[Date "2007.11.16"]
[Round "6.2"]
[White "Zvjaginsev,V"]
[Black "Timofeev,Arty"]
[Result "1/2-1/2"]
[WhiteElo "2674"]
[BlackElo "2637"]

1.d4 Nf6 2.c4 g6 3.Nc3 d5 4.cxd5 Nxd5 5.e4 Nxc3 6.bxc3 Bg7 7.Qa4+ Nd7 8.Nf3 O-O
9.Bg5 c5 10.Rb1 h6 11.Be3 Qc7 12.Qa3 b6 13.Bd3 Bb7 14.O-O e5 15.d5 f5 16.Rfd1 Rf6
17.Bb5 Rd6 18.c4 Rf8 19.Bxd7 Qxd7 20.Re1 Bc8 21.Rbd1 f4 22.Bd2 g5 23.Bc3 Qe7
24.Qb2 Re8 25.Rd3 Bd7 26.Qa3 Bc8 27.Bb2 h5 28.Nd2 g4 29.g3 Bh6 30.Bc1 Rf8
31.Nf1 h4 32.gxf4 Bxf4 33.Be3 Rf7 34.Qc1 Rdf6 35.Re2 Qf8 36.Qe1 Qh6 37.Bxf4 Qxf4
38.Qd2 Kf8 39.d6 Qxd2 40.Rexd2 Ke8 41.Rd5 Re6 42.Ne3 Bb7 43.Nxg4 Bxd5 44.Rxd5 Rd7
45.Nxe5 Rdxd6 46.f4 b5 47.Rxc5 Rd2 48.cxb5 Red6 49.Rc8+ Ke7 50.Nc6+ Kf7 51.Ne5+ Ke7
52.Nc6+ Kf7 53.Ne5+ Ke7 54.Nc6+ Kf7 55.Ne5+ Ke7  1/2-1/2

[Event "WYb14"]
[Site "Kemer TUR"]
[Date "2007.11.19"]
[Round "2"]
[White "Sipahioglu,I"]
[Black "Plat,V"]
[Result "0-1"]
[WhiteElo "1955"]
[BlackElo "2296"]

1.d4 Nf6 2.c4 g6 3.Nc3 d5 4.cxd5 Nxd5 5.e4 Nxc3 6.bxc3 Bg7 7.Bc4 c5 8.Ne2 O-O
9.O-O Nc6 10.Be3 cxd4 11.cxd4 b6 12.Rc1 Bb7 13.Qd2 Rc8 14.f3 Qd6 15.Rfd1 Rfd8
16.Qe1 Na5 17.Bd3 Qa3 18.Qd2 Nc6 19.Rc4 b5 20.Rc3 Qa5 21.Rc5 Qxd2 22.Rxd2 a6
23.d5 Ne5 24.Kf2 e6 25.Rxc8 Bxc8 26.Bc2 Nc4 27.Rd3 exd5 28.Rxd5 Rxd5 29.exd5 Bb7
30.Bd4 Bxd4+ 31.Nxd4 Bxd5 32.Bb3 Kf8 33.Nc2 Nb6 34.Nb4 Bb7 35.Nd3 a5 36.Nc5 Bc6
37.a3 Ke7 38.Ke3 Kd6 39.Ne4+ Bxe4 40.Kxe4 f5+ 41.Kd4 Nd7 42.h4 Ne5 43.Ba2 Nc6+
44.Kc3 Ke5 45.g4 fxg4 46.fxg4 Kf4 47.Be6 b4+ 48.axb4 axb4+ 49.Kb2 h6  0-1

[Event "ch-UKR Final"]
[Site "Kharkov UKR"]
[Date "2007.11.20"]
[Round "4"]
[White "Brodsky,M"]
[Black "Zinchenko,Ya"]
[Result "1/2-1/2"]
[WhiteElo "2597"]
[BlackElo "2491"]

1.d4 Nf6 2.c4 g6 3.Nc3 d5 4.cxd5 Nxd5 5.e4 Nxc3 6.bxc3 Bg7 7.Bc4 c5 8.Ne2 O-O
9.O-O Nc6 10.Be3 Bd7 11.Rb1 Qc7 12.Bd3 Rad8 13.Qc2 Bc8 14.f4 Na5 15.dxc5 Be6
16.c4 Nc6 17.e5 f6 18.exf6 Rxf6 19.Nc3 Kh8 20.Kh1 Rff8 21.Nd5 Qd7 22.Be4 Bf5
23.Rfd1 Bxe4 24.Qxe4 Qc8 25.a3 Rd7 26.h3 Re8 27.Bf2 Nb8 28.Nb4 Nc6 29.Rd5 Bf6
30.Rbd1 Red8 31.R1d3 a5 32.Rxd7 Rxd7 33.Nd5 Rd8 34.g4 Qd7 35.Kh2 e6 36.Nb4 Qc8
37.Rxd8+ Nxd8 38.Bd4 Bg7 39.Bxg7+ Kxg7 40.Qd4+ Kf7 41.Nd3 Nc6 42.Qd6 Qf8
43.Kg3 Qe7 44.Nf2 e5 45.Ne4 exf4+ 46.Kxf4 h6 47.Qxe7+ Kxe7 48.Nd6 Nd8 49.Ke5 Nc6+
50.Kd5 Nd8 51.h4 h5 52.gxh5 gxh5 53.a4 Kd7 54.Nxb7 Nc6 55.Ke4 Kc7 56.Nd6 Nb4
57.Nf5 Kc6 58.Kd4 Nc2+ 59.Kd3 Ne1+ 60.Kd4 Nc2+ 61.Kc3 Ne1 62.Nd4+ Kxc5 63.Nb3+ Kd6
64.Nxa5 Nf3 65.Nb7+ Kc6 66.Nd8+ Kd7 67.Nf7 Nxh4 68.Ne5+ Kd6 69.a5 Nf5 70.a6 Kc7
71.c5 h4 72.Kd3 h3 73.Nf3 Kc6 74.Ke4 Ne7 75.Ne5+ Kxc5 76.Kf3  1/2-1/2

[Event "WYb18"]
[Site "Kemer TUR"]
[Date "2007.11.22"]
[Round "5"]
[White "Bakos,B"]
[Black "Kokol,P"]
[Result "1/2-1/2"]
[WhiteElo "2401"]
[BlackElo "2213"]

1.d4 Nf6 2.c4 g6 3.Nc3 d5 4.cxd5 Nxd5 5.e4 Nxc3 6.bxc3 Bg7 7.Nf3 c5 8.Rb1 O-O
9.Be2 b6 10.O-O Bb7 11.Qd3 e6 12.Bg5 Qc7 13.Qe3 Nd7 14.e5 Rae8 15.Bf4 Qc8
16.h4 f6 17.h5 g5 18.Bg3 h6 19.Rfd1 Ba6 20.Nd2 f5 21.f4 Bxe2 22.Qxe2 cxd4
23.cxd4 Qc3 24.Bf2 Rc8 25.fxg5 hxg5 26.h6 Bxh6 27.Qh5 Kg7 28.Nf3 Qc6 29.Nxg5 Bxg5
30.Qxg5+ Kf7 31.Qh5+ Kg7 32.Rb3 f4 33.Qg5+ Kf7 34.Rf3 Qxf3 35.gxf3  1/2-1/2

[Event "WYb18"]
[Site "Kemer TUR"]
[Date "2007.11.22"]
[Round "5"]
[White "Hayrapetian,O"]
[Black "Howell,D"]
[Result "1-0"]
[WhiteElo "2374"]
[BlackElo "2527"]

1.d4 Nf6 2.c4 g6 3.Nc3 d5 4.cxd5 Nxd5 5.e4 Nxc3 6.bxc3 Bg7 7.Nf3 c5 8.Rb1 O-O
9.Be2 Nc6 10.d5 Ne5 11.Nxe5 Bxe5 12.Qc2 f5 13.f4 Bg7 14.e5 Qxd5 15.O-O Rb8
16.Rd1 Qc6 17.Bf3 Qc7 18.Qa4 b6 19.Bd5+ Kh8 20.Be3 Rd8 21.Rb2 e6 22.Bf3 Rxd1+
23.Qxd1 Bd7 24.Rd2 Be8 25.Rd6 Bf8 26.Rxe6 Bd7 27.Rf6 Be7 28.Rd6 Bxd6 29.exd6 Qd8
30.Bd4+ Kg8 31.Bd5+ Kf8 32.Qe1 Bc6 33.Bxc6 Qxd6 34.Be5 Qe7 35.c4 Rd8 36.Bd5 b5
37.h3 bxc4 38.Bxc4 Rd4 39.Qc3 Rd1+ 40.Kh2 h5 41.Qb3 Rd8 42.Qg3  1-0

[Event "WYg18"]
[Site "Kemer TUR"]
[Date "2007.11.22"]
[Round "6"]
[White "Kruljac,P"]
[Black "Kiran,M"]
[Result "0-1"]
[WhiteElo "2057"]
[BlackElo "2263"]

1.d4 Nf6 2.c4 g6 3.Nc3 d5 4.cxd5 Nxd5 5.e4 Nxc3 6.bxc3 Bg7 7.Nf3 O-O 8.Be3 c5
9.Rc1 cxd4 10.cxd4 Qa5+ 11.Qd2 Qxd2+ 12.Kxd2 Nc6 13.d5 Rd8 14.Ke1 Na5 15.Bg5 f6
16.Bf4 e5 17.dxe6 Bxe6 18.Bc7 Rdc8 19.Nd4 Bf7 20.Nb5 Bf8 21.g3 a6 22.Nd4 Nc6
23.Bb6 Bb4+ 24.Kd1 Nxd4  0-1

[Event "WYb18"]
[Site "Kemer TUR"]
[Date "2007.11.22"]
[Round "6"]
[White "Vernay,C"]
[Black "Abasov,N"]
[Result "1-0"]
[WhiteElo "2396"]
[BlackElo "2216"]

1.d4 Nf6 2.c4 g6 3.Nc3 d5 4.cxd5 Nxd5 5.e4 Nxc3 6.bxc3 Bg7 7.Bc4 O-O 8.Ne2 c5
9.O-O cxd4 10.cxd4 Nc6 11.Be3 Bg4 12.f3 Na5 13.Bxf7+ Rxf7 14.fxg4 Rxf1+ 15.Kxf1 Qd7
16.h3 Qe6 17.Qd3 Qc4 18.Qxc4+ Nxc4 19.Bg5 h6 20.Bxe7 Re8 21.Rc1 Nd2+ 22.Ke1 Nxe4
23.Rc7 Nf6 24.Bxf6 Bxf6 25.Kf2 Re7 26.Rxe7 Bxe7 27.Ke3 Kf7 28.Ke4 Bd6 29.Kd5 Ke7
30.Ng1 Kd7 31.Nf3 a5 32.a4 b5 33.axb5 a4 34.Kc4 Kc7 35.Ne5 g5 36.Nf7 Bf8
37.d5 Bc5 38.Kxc5 a3 39.d6+ Kd7 40.Ne5+ Ke6 41.d7 Ke7 42.Kc6  1-0

[Event "TCh-HUN 2007-8"]
[Site "Budapest HUN"]
[Date "2007.11.25"]
[Round "3"]
[White "Varga,Cs2"]
[Black "Fogarasi,T"]
[Result "0-1"]
[WhiteElo "2367"]
[BlackElo "2428"]

1.d4 Nf6 2.c4 g6 3.Nc3 d5 4.cxd5 Nxd5 5.e4 Nxc3 6.bxc3 Bg7 7.Nf3 c5 8.Rb1 O-O
9.Qd2 b6 10.Ba3 Qc7 11.Be2 e6 12.O-O Nd7 13.Qe3 Bb7 14.Nd2 Rfd8 15.Nb3 Qc6
16.Nd2 Qa4 17.Bb2 Qxa2 18.Nc4 Qa4 19.Nd6 Qc6 20.Qf4 Nf6 21.dxc5 bxc5 22.Nxb7 Qxb7
23.e5 Nd5 24.Qe4 Rab8 25.Rfd1 Qc7 26.f4 h5 27.Ba1 Rxb1 28.Rxb1 Qa5 29.Rd1 Bf8
30.Kf2 Ne7 31.Rd6 Nf5 32.Ra6 Qc7 33.Bb2 Rb8 34.Ba3 Rb6 35.Ra5 Rb3 36.Qa4 Rxc3
37.Bb2 Rc2 38.Rxa7 Qb6 39.Qxc2 c4+ 40.Ke1 Bb4+ 41.Bc3 Qg1+ 42.Kd2 Qe3+ 43.Kd1 Bxc3
44.Ra8+ Kg7 45.Qa2 Nd4  0-1

[Event "20th Belgrade Trophy"]
[Site "Belgrade SRB"]
[Date "2007.11.26"]
[Round "5"]
[White "Lakicevic,B"]
[Black "Sarenac,I"]
[Result "0-1"]
[WhiteElo "2103"]
[BlackElo "2224"]

1.d4 Nf6 2.c4 g6 3.Nc3 d5 4.cxd5 Nxd5 5.e4 Nxc3 6.bxc3 Bg7 7.Bc4 O-O 8.Ne2 c5
9.Be3 Nc6 10.O-O Bd7 11.Rb1 a6 12.Qd2 b5 13.Bd5 e6 14.Bb3 cxd4 15.cxd4 Na5
16.Bh6 Bc6 17.Bxg7 Kxg7 18.d5 exd5 19.Bxd5 Kg8 20.Rfd1 Qb6 21.Qh6 Bxd5 22.Rxd5 Nc4
23.Nf4 Kh8 24.Rbd1 Rfe8 25.Rd7 Ne5 26.R7d6 Qxf2+ 27.Kh1 Qb2 28.R6d2 Qb4 29.Nd5 Ng4
30.Qxh7+ Kxh7 31.Nxb4 Rxe4 32.Nd5 Kg7 33.h3 Ne5 34.Nc7 Ra7 35.Ne8+ Kh6 36.Nf6 Rf4
37.Ne8 Re7 38.Nd6 Nc4 39.Nxc4 Rxc4 40.Rd6 Ra4 41.R1d2 Re6 42.Rd7 f5 43.Kh2 f4
44.Rf7 Rae4 45.h4 f3 46.Rxf3 Rxh4+ 47.Kg3 Rhe4 48.Kf2 b4 49.Rb2 a5 50.a3 Kg5
51.Rfb3 Rf6+ 52.Kg3 Rff4 53.Rd3 Rc4 54.axb4 axb4 55.Rdb3  0-1

[Event "WYg18"]
[Site "Kemer TUR"]
[Date "2007.11.27"]
[Round "10"]
[White "Ignacz,R"]
[Black "Kiran,M"]
[Result "0-1"]
[WhiteElo "2079"]
[BlackElo "2263"]

1.d4 Nf6 2.c4 g6 3.Nc3 d5 4.cxd5 Nxd5 5.e4 Nxc3 6.bxc3 Bg7 7.Bc4 c5 8.Ne2 O-O
9.O-O Nc6 10.Be3 Bd7 11.Rb1 Qc7 12.Bd3 Rad8 13.Qd2 Bc8 14.Rfc1 a6 15.f4 e6
16.e5 f6 17.Qc2 b5 18.Be4 Na5 19.Bf2 Nc4 20.Rb3 fxe5 21.dxe5 Rd2 22.Qb1 Rxe2  0-1

[Event "WYg18"]
[Site "Kemer TUR"]
[Date "2007.11.27"]
[Round "10"]
[White "Kruljac,P"]
[Black "Levy Ortiz,M"]
[Result "1-0"]
[WhiteElo "2057"]
[BlackElo "1910"]

1.d4 Nf6 2.c4 g6 3.Nc3 d5 4.cxd5 Nxd5 5.e4 Nxc3 6.bxc3 Bg7 7.Nf3 O-O 8.Be3 c5
9.Rc1 cxd4 10.cxd4 Bg4 11.Qd2 e6 12.Ng5 e5 13.d5 Na6 14.Bc4 Rc8 15.h3 Bd7
16.O-O Nc5 17.d6 b6 18.f4 h6 19.Nxf7 Rxf7 20.Bxc5 bxc5 21.Bxf7+ Kxf7  1-0

[Event "WYg16"]
[Site "Kemer TUR"]
[Date "2007.11.28"]
[Round "11"]
[White "Han Wong,I"]
[Black "Adam,A2"]
[Result "1-0"]
[WhiteElo "2006"]
[BlackElo "1918"]

1.d4 Nf6 2.c4 g6 3.Nc3 d5 4.cxd5 Nxd5 5.e4 Nxc3 6.bxc3 Bg7 7.Bc4 c5 8.Ne2 O-O
9.O-O Nc6 10.Be3 cxd4 11.cxd4 b6 12.Rc1 Bb7 13.Qd2 e6 14.Rfd1 Na5 15.Bd3 Rc8
16.Bh6 Rxc1 17.Rxc1 Bxh6 18.Qxh6 Nc6 19.Qe3 Qh4 20.f3 Qe7 21.Bb5 Na5 22.Nf4 Rd8
23.Rd1 e5 24.Ne2 Qb4 25.Qg5 Qd6 26.Ba4 f6 27.Qe3 Qb4 28.Bb3+ Nxb3 29.Qxb3+ Qxb3
30.axb3 exd4 31.Rxd4 Rxd4 32.Nxd4 a5 33.Kf2 Kf7 34.Nb5 Bc6 35.Nd6+ Ke6 36.Nc4 a4
37.bxa4 Bxa4 38.Nxb6 Bb3 39.Ke3 Kd6 40.Kd4 Ke6 41.f4 Ba2 42.Nc4 Bb3 43.g3 Ba2
44.Nd2 Kd6 45.Nf3 h6 46.g4 Bb3 47.Nh4 Bf7 48.f5 g5 49.Nf3 Bb3 50.Nd2 Bd1
51.Nc4+ Ke7 52.Ne3 Bf3 53.e5 fxe5+ 54.Kxe5 Kf7 55.h3 Be2 56.f6 Ba6 57.Nf5 Kg6
58.Ke6 h5 59.Ke7 Bc4 60.Nd6 hxg4 61.hxg4 Bd5 62.f7 Bxf7 63.Nxf7 Kg7 64.Nxg5 Kh6
65.Ne4 Kg7 66.g5 Kg6 67.Ke6 Kg7 68.Kf5 Kf7 69.g6+ Kg7 70.Kg5 Kg8 71.Kf6 Kf8
72.g7+ Kg8 73.Nd6  1-0

[Event "TCh-BEL 2007-8"]
[Site "Belgium BEL"]
[Date "2007.12.02"]
[Round "5"]
[White "Miedema,R"]
[Black "Coenen,N"]
[Result "0-1"]
[WhiteElo "2287"]
[BlackElo "2369"]

1.d4 Nf6 2.c4 g6 3.Nc3 d5 4.cxd5 Nxd5 5.e4 Nxc3 6.bxc3 Bg7 7.Bc4 c5 8.Ne2 Nc6
9.Be3 O-O 10.O-O Qc7 11.Rc1 Rd8 12.Bf4 Qd7 13.dxc5 Ne5 14.Bxe5 Bxe5 15.Qb3 Rf8
16.f4 Bg7 17.f5 gxf5 18.Rxf5 Qd2 19.Rxf7 Rxf7 20.Bxf7+ Kh8 21.Bh5 Qe3+ 22.Kh1 Qh6
23.Rd1 Be6 24.Qxb7 Rf8 25.Ng3 Be5 26.Qxe7 Bxg3 27.Rd8 Rg8 28.hxg3 Qxh5+ 29.Kg1 Qf7
30.Qd6 Bxa2 31.Rd7 Qg6 32.Qd4+ Rg7 33.c6 Qxg3 34.Qd2 Be6 35.Rxg7 Kxg7 36.Qd4+ Kg6
37.e5 Kf5 38.Qxa7 Qe1+ 39.Kh2 Qh4+ 40.Kg1 Qe1+ 41.Kh2 Qxe5+ 42.Kg1 Kg6 43.Qd4 Qxd4+
44.cxd4 Kf5  0-1

[Event "Parsvnath ch-Commonwealth"]
[Site "New Delhi IND"]
[Date "2007.12.06"]
[Round "6"]
[White "Manush,S"]
[Black "Abhishek,K"]
[Result "0-1"]
[WhiteElo "1911"]
[BlackElo "2123"]

1.d4 Nf6 2.c4 g6 3.Nc3 d5 4.cxd5 Nxd5 5.e4 Nxc3 6.bxc3 Bg7 7.Bg5 c5 8.Rc1 O-O
9.Nf3 Bg4 10.Be3 Qa5 11.Qd2 Nd7 12.h3 Bxf3 13.gxf3 e6 14.Rg1 Rfd8 15.f4 Rac8
16.Rc2 Qb6 17.h4 cxd4 18.Bxd4 e5 19.fxe5 Nxe5 20.Be2 Nc6 21.Rg5 Nxd4 22.Ra5 Nxc2+
23.Qxc2 Rxc3 24.Qd1  0-1

[Event "Bundesliga 2007-8"]
[Site "Eppingen GER"]
[Date "2007.12.08"]
[Round "5"]
[White "Hertneck,G"]
[Black "Ris,R"]
[Result "1/2-1/2"]
[WhiteElo "2508"]
[BlackElo "2381"]

1.d4 Nf6 2.c4 g6 3.Nc3 d5 4.cxd5 Nxd5 5.e4 Nxc3 6.bxc3 Bg7 7.Bc4 c5 8.Ne2 Nc6
9.Be3 cxd4 10.cxd4 Qa5+ 11.Kf1 O-O 12.h4 h5 13.Rc1 Bd7 14.f3 Rac8 15.Kf2 Qb4
16.Qb3 Qxb3 17.axb3 Na5 18.d5 b5 19.Bd3 Nxb3 20.Rxc8 Rxc8 21.Rb1 Na5 22.Bxa7 Nc4
23.Bd4 Ne5 24.Bxb5 Rb8 25.Nc3 Ng4+ 26.Ke2 Bxd4 27.Bxd7 Rd8 28.Nb5 Be5 29.Bxg4 hxg4
30.fxg4 Ra8 31.Rd1 Kg7 32.Kf3 Ra5 33.Rb1 Ra2 34.g5 Rd2 35.Rb3 Rd1 36.g3 Rg1
37.Kf2 Ra1 38.Nc3 Bd4+ 39.Ke2 Rg1 40.Nb5 Be5 41.Kf2 Rc1 42.Rd3 Rc4 43.Kf3 Ra4
44.Ra3 Rc4 45.Na7 e6 46.dxe6 fxe6 47.Nb5 Rc5 48.Rb3 Rc1 49.Na3 Rg1 50.Rb7+ Kf8
51.Nc4 Bxg3 52.Rh7 e5 53.Ne3 Bf4 54.Nd5 Rg3+ 55.Ke2 Ra3 56.Nf6 Bxg5 57.hxg5 Re3+
58.Kf2 Rf3+ 59.Kg2 Rg3+ 60.Kh2 Rg2+ 61.Kh3 Rg3+ 62.Kh4 Rh3+ 63.Kg4 Rg3+ 64.Kxg3  1/2-1/2